LEADER 01722nam a2200313 a 4500 001 000000114864 003 CaOOAMICUS 005 20100507132307.0 008 090309s1995 be u000 u lat r 020 $z978-2-503-50463-9* 040 $aPUL$bita$dLDB$delep 100 1 $aDekkers, Eligius,$cO.S.B.,$d1915-1998.$0(OLS)http://pul/name/5 245 10$aClavis patrum latinorum qua in novum Corpus christianorum edendum optimas quasque scriptorum recensiones a Tertulliano ad Bedam /$ccommode recludit Eligius Dekkers, opera usus qua rem praeparavit et iuvit Aemilius Gaar vindobonensis. 250 $aEd. terzia, aucta et emendata. 260 $aSteenbrugis :$b[s.n.] ;$aTurnholti :$bBrepols,$c1995. 300 $axxi, 934 p. ;$c25 cm 490 1 $aCorpus Christianorum.$aSeries Latina 500 $aInclude indici. 650 4$aPadri della Chiesa latini$xBibliografia.$0(OLS)http://pul/subject/35124 650 4$aLetteratura cristiana antica$xAutori latini$xBibliografia.$0(OLS)http://pul/subject/35125 700 1 $aGaar, Emil.$0(OLS)http://pul/name/14122 830 0$aCorpus Christianorum.$pSeries Latina.$0(OLS)http://pul/title/474 850 $aPUL 852 $aPUL$W1$xSL Cons. Gen., Altre Classi 1$y1$m2008 A 2.1$j139584$qStampati$B130448$CPULBib$Z2$F130448 $H109668 $82 941 1 $a8 996 $6020$z978-2-503-50463-9*$9(OLS)http://pul/number/139910 996 $6245$aClavis patrum latinorum qua in novum Corpus christianorum edendum optimas quasque scriptorum recensiones a Tertulliano ad Bedam$9(OLS)http://pul/title/22007 996 $6260$aSteenbrugis :$b[s.n.]$9(OLS)http://pul/publisher/54654 996 $6260$aTurnholti :$bBrepols$9(OLS)http://pul/publisher/47842 LEADER 01481nam a2200325 u 4500 001 000000060348 003 CaOOAMICUS 005 20070226120912.0 008 010719m19571961gw u000 u ger u 035 $a10897835 040 $aPUL(R)$bita 100 1 $aScheeben, Matthias Joseph,$d1835-1888.$0(OLS)http://pul/name/14574 245 10$aHandbuch der katholischen Dogmatik /$cMatthias Joseph Scheeben. 250 $a3. Auf. 260 $aFreiburg :$bHerder,$c<1957- > ;. 300 $av. <3-4, 6 > ;$c24 cm 490 1 $aGesammelte Schriften ;$v5, 7 504 $aContiene indici. 505 1 $aBd. 3-4: schöpfungslehre sündenlehre, herausgegeben von Wilhelm Breuning und Franz Lakner -- Bd. 6: Gnadenlehre, herausgegeben von Heribert Schauf. 650 4$aTeologia dogmatica.$0(OLS)http://pul/subject/663 700 1 $aSchauf, Heribert.$0(OLS)http://pul/name/33509 700 1 $aLakner, Franz,$cS. I.,$d1900-$0(OLS)http://pul/name/41330 700 1 $aBreuning, Wilhelm.$0(OLS)http://pul/name/8285 830 0$aGesammelte Schriften (Herder) ;$v5,7.$0(OLS)http://pul/title/33366 850 $aPUL 852 $aPUL$W1$xSL Religione 2$y84$mTheol D3 6.5,7$j78647$nBK-PRI$b $qStampati altre collocazioni$B78647$CPULBib$Z2$F78647 $H $81 941 1 $a10 961 $aINV: 29502, 29505 996 $6245$aHandbuch der katholischen Dogmatik$9(OLS)http://pul/title/33365 996 $6260$aFreiburg :$bHerder$9(OLS)http://pul/publisher/48354